00000000nam##2200000za#4500
0019.591014
003CaOODSP
00520210624200414
007cr |||||||||||
008150406|2001||||xxc|||||o    f|0| 0 fre|d
020 |a0-662-86620-7
040 |aCaOODSP|bfre
043 |an-cn---
0861 |aH113-6/2001-7F-IN
1101 |aCanada.|bSanté Canada. |bAgence de réglementation de la lutte antiparasitaire.
24510|aÉthylène : |h[ressource électronique]|bEco Sprout Guard
260 |aOttawa - Ontario : |bSanté Canada. |cLe 28 décembre 2001.
300 |a3p.
4901 |aDécision réglementaire|vRDD2001-07
590 |a12-08-Supp|b2012-03-16
77508|tEthylene : |w(CaOODSP)9.558050
830#0|aDécision réglementaire ;|vRDD2001-07|w(CaOODSP)9.500879
85640|ahttp://publications.gc.ca|qPDF|s112 Ko|uhttps://publications.gc.ca/collections/collection_2012/sc-hc/H113-6-2001-7-fra.pdf|yRDD2001-07